000 00481nam a2200181Ia 4500
008 230125s9999 xx 000 0 und d
020 _a81-7418-156-3
041 _aeng
082 _a891.463
_bDES
100 _aDeshpande A
_9107363
245 _aFeng-shui 99 Prashna va Uttare
260 _c2001
_bIndrayani Sahitya
_aPune
300 _a136p
500 _aLiterature;Marathi Literature
650 _aMarathi Literature
700 _aDeshpande A
_9107363
999 _c91751
_d91751